[Event "World Cup 2023 Open"]
[Site "Baku, Azerbaijan"]
[Date "2023.08.04"]
[Round "13.12"]
[White "Antipov Mikhail Al. (FID)"]
[Black "Grandelius Nils (SWE)"]
[Result "1/2-1/2"]
[WhiteFideId "4107012"]
[BlackFideId "1710400"]
[WhiteElo "2606"]
[BlackElo "2684"]

1. e4 {[%clk 00:25:17]} {[%emt 00:00:03]} e5 {[%clk 00:25:18]} {[%emt
00:00:03]} 2. Nf3 {[%clk 00:25:26]} {[%emt 00:00:01]} Nc6 {[%clk 00:25:26]}
{[%emt 00:00:01]} 3. Bc4 {[%clk 00:25:35]} {[%emt 00:00:01]} Nf6 {[%clk
00:25:32]} {[%emt 00:00:04]} 4. d3 {[%clk 00:25:44]} {[%emt 00:00:02]} d5
{[%clk 00:25:36]} {[%emt 00:00:05]} 5. exd5 {[%clk 00:25:52]} {[%emt 00:00:02]}
Nxd5 {[%clk 00:25:44]} {[%emt 00:00:02]} 6. O-O {[%clk 00:25:59]} {[%emt
00:00:03]} Nb6 {[%clk 00:25:47]} {[%emt 00:00:07]} 7. Bb5 {[%clk 00:26:07]}
{[%emt 00:00:02]} Bd6 {[%clk 00:25:52]} {[%emt 00:00:04]} 8. a4 {[%clk
00:26:01]} {[%emt 00:00:17]} O-O {[%clk 00:23:40]} {[%emt 00:02:22]} 9. a5
{[%clk 00:26:09]} {[%emt 00:00:02]} Nd5 {[%clk 00:23:04]} {[%emt 00:00:45]} 10.
Bc4 {[%clk 00:25:52]} {[%emt 00:00:28]} Nf6 {[%clk 00:22:43]} {[%emt 00:00:31]}
11. Re1 {[%clk 00:25:08]} {[%emt 00:00:54]} Bg4 {[%clk 00:21:11]} {[%emt
00:01:43]} 12. c3 {[%clk 00:22:02]} {[%emt 00:03:16]} e4 {[%clk 00:15:02]}
{[%emt 00:06:18]} 13. dxe4 {[%clk 00:22:09]} {[%emt 00:00:04]} Nxe4 {[%clk
00:15:10]} {[%emt 00:00:01]} 14. Bd5 {[%clk 00:16:47]} {[%emt 00:05:33]} Nf6
{[%clk 00:14:08]} {[%emt 00:01:12]} 15. h3 {[%clk 00:12:50]} {[%emt 00:04:07]}
Bh5 {[%clk 00:10:55]} {[%emt 00:03:23]} 16. Bg5 {[%clk 00:12:24]} {[%emt
00:00:36]} Bh2+ {[%clk 00:08:42]} {[%emt 00:02:23]} 17. Kxh2 {[%clk 00:12:14]}
{[%emt 00:00:19]} Qxd5 {[%clk 00:08:51]} {[%emt 00:00:02]} 18. Nbd2 {[%clk
00:09:55]} {[%emt 00:02:30]} Qxg5 {[%clk 00:07:44]} {[%emt 00:01:16]} 19. Nxg5
{[%clk 00:10:03]} {[%emt 00:00:02]} Bxd1 {[%clk 00:07:53]} {[%emt 00:00:02]} 20.
Rexd1 {[%clk 00:09:42]} {[%emt 00:00:31]} Rfe8 {[%clk 00:07:54]} {[%emt
00:00:08]} 21. Ngf3 {[%clk 00:06:57]} {[%emt 00:02:55]} Kf8 {[%clk 00:07:02]}
{[%emt 00:01:03]} 22. Kg1 {[%clk 00:06:54]} {[%emt 00:00:13]} Rad8 {[%clk
00:06:34]} {[%emt 00:00:38]} 23. Kf1 {[%clk 00:06:33]} {[%emt 00:00:31]} Ne5
{[%clk 00:05:27]} {[%emt 00:01:17]} 24. Nxe5 {[%clk 00:03:16]} {[%emt
00:03:27]} Rxe5 {[%clk 00:05:35]} {[%emt 00:00:01]} 25. Nc4 {[%clk 00:03:25]}
{[%emt 00:00:01]} Red5 {[%clk 00:05:13]} {[%emt 00:00:32]} 26. Rxd5 {[%clk
00:02:23]} {[%emt 00:01:13]} Rxd5 {[%clk 00:05:17]} {[%emt 00:00:06]} 27. Ke2
{[%clk 00:02:27]} {[%emt 00:00:06]} h5 {[%clk 00:04:32]} {[%emt 00:00:55]} 28.
h4 {[%clk 00:01:56]} {[%emt 00:00:41]} Ke7 {[%clk 00:04:03]} {[%emt 00:00:39]}
29. f3 {[%clk 00:01:51]} {[%emt 00:00:15]} g6 {[%clk 00:03:42]} {[%emt
00:00:31]} 30. Ne3 {[%clk 00:01:00]} {[%emt 00:01:02]} Re5 {[%clk 00:03:44]}
{[%emt 00:00:08]} 31. Kd3 {[%clk 00:01:02]} {[%emt 00:00:09]} Nd5 {[%clk
00:02:53]} {[%emt 00:01:01]} 32. Nxd5+ {[%clk 00:01:10]} {[%emt 00:00:02]}
Rxd5+ {[%clk 00:03:02]} {[%emt 00:00:01]} 33. Ke3 {[%clk 00:01:19]} {[%emt
00:00:01]} Re5+ {[%clk 00:02:18]} {[%emt 00:00:53]} 34. Kd3 {[%clk 00:01:28]}
{[%emt 00:00:01]} g5 {[%clk 00:01:58]} {[%emt 00:00:30]} 35. b4 {[%clk
00:01:08]} {[%emt 00:00:30]} gxh4 {[%clk 00:00:32]} {[%emt 00:01:35]} 36. Rh1
{[%clk 00:01:17]} {[%emt 00:00:01]} Rg5 {[%clk 00:00:41]} {[%emt 00:00:01]} 37.
Rxh4 {[%clk 00:01:25]} {[%emt 00:00:02]} Rxg2 {[%clk 00:00:50]} 38. Ke4 {[%emt
00:00:04]} 1/2-1/2

[Event "World Cup 2023 Open"]
[Site "Baku, Azerbaijan"]
[Date "2023.08.04"]
[Round "13.13"]
[White "Esipenko Andrey (FID)"]
[Black "Safarli Eltaj (AZE)"]
[Result "1-0"]
[WhiteFideId "24175439"]
[BlackFideId "13402129"]
[WhiteElo "2683"]
[BlackElo "2607"]

1. e4 {[%clk 00:25:17]} {[%emt 00:00:02]} e5 {[%clk 00:24:42]} {[%emt
00:00:38]} 2. Nf3 {[%clk 00:25:25]} {[%emt 00:00:03]} Nc6 {[%clk 00:24:49]}
{[%emt 00:00:03]} 3. Bc4 {[%clk 00:25:32]} {[%emt 00:00:02]} Bc5 {[%clk
00:24:53]} {[%emt 00:00:06]} 4. d3 {[%clk 00:25:40]} {[%emt 00:00:03]} Nf6
{[%clk 00:24:55]} {[%emt 00:00:07]} 5. Nc3 {[%clk 00:25:43]} {[%emt 00:00:08]}
a6 {[%clk 00:24:20]} {[%emt 00:00:45]} 6. Nd5 {[%clk 00:25:29]} {[%emt
00:00:24]} h6 {[%clk 00:23:02]} {[%emt 00:01:29]} 7. O-O {[%clk 00:24:11]}
{[%emt 00:01:27]} d6 {[%clk 00:23:00]} {[%emt 00:00:12]} 8. Be3 {[%clk
00:24:05]} {[%emt 00:00:15]} O-O {[%clk 00:22:45]} {[%emt 00:00:26]} 9. Bxc5
{[%clk 00:23:53]} {[%emt 00:00:22]} dxc5 {[%clk 00:22:52]} {[%emt 00:00:02]} 10.
a4 {[%clk 00:23:55]} {[%emt 00:00:09]} Be6 {[%clk 00:21:59]} {[%emt 00:01:02]}
11. Ne3 {[%clk 00:24:02]} {[%emt 00:00:03]} Re8 {[%clk 00:21:36]} {[%emt
00:00:32]} 12. Bxe6 {[%clk 00:21:32]} {[%emt 00:02:41]} Rxe6 {[%clk 00:21:44]}
{[%emt 00:00:02]} 13. Nd2 {[%clk 00:21:40]} {[%emt 00:00:02]} a5 {[%clk
00:20:35]} {[%emt 00:01:19]} 14. Kh1 {[%clk 00:21:36]} {[%emt 00:00:14]} b6
{[%clk 00:20:35]} {[%emt 00:00:10]} 15. g3 {[%clk 00:21:33]} {[%emt 00:00:13]}
Qe8 {[%clk 00:16:42]} {[%emt 00:04:03]} 16. f4 {[%clk 00:21:02]} {[%emt
00:00:41]} Rd8 {[%clk 00:14:31]} {[%emt 00:02:20]} 17. f5 {[%clk 00:15:29]}
{[%emt 00:05:44]} Red6 {[%clk 00:14:39]} {[%emt 00:00:02]} 18. g4 {[%clk
00:15:22]} {[%emt 00:00:17]} Nb4 {[%clk 00:14:35]} {[%emt 00:00:14]} 19. Qe2
{[%clk 00:13:47]} {[%emt 00:01:46]} Nxc2 {[%clk 00:09:42]} {[%emt 00:05:02]} 20.
Nxc2 {[%clk 00:13:52]} {[%emt 00:00:05]} Rxd3 {[%clk 00:09:50]} {[%emt
00:00:02]} 21. Nc4 {[%clk 00:13:44]} {[%emt 00:00:18]} Rh3 {[%clk 00:09:45]}
{[%emt 00:00:15]} 22. Kg2 {[%clk 00:11:44]} {[%emt 00:02:10]} Rb3 {[%clk
00:08:53]} {[%emt 00:01:02]} 23. Rf3 {[%clk 00:11:29]} {[%emt 00:00:26]} Rxf3
{[%clk 00:08:38]} {[%emt 00:00:25]} 24. Kxf3 {[%clk 00:11:28]} {[%emt
00:00:10]} Rd7 {[%clk 00:05:15]} {[%emt 00:03:33]} 25. Ra3 {[%clk 00:10:12]}
{[%emt 00:01:27]} Nh7 {[%clk 00:03:53]} {[%emt 00:01:32]} 26. h4 {[%clk
00:04:14]} {[%emt 00:06:08]} Nf6 {[%clk 00:03:10]} {[%emt 00:00:52]} 27. Rd3
{[%clk 00:03:35]} {[%emt 00:00:50]} Rxd3+ {[%clk 00:01:48]} {[%emt 00:01:33]}
28. Qxd3 {[%clk 00:03:43]} {[%emt 00:00:01]} Qxa4 {[%clk 00:01:57]} {[%emt
00:00:02]} 29. g5 {[%clk 00:03:14]} {[%emt 00:00:40]} hxg5 {[%clk 00:00:37]}
{[%emt 00:01:30]} 30. hxg5 {[%clk 00:03:22]} {[%emt 00:00:01]} Nd7 {[%clk
00:00:26]} {[%emt 00:00:21]} 31. N2e3 {[%clk 00:02:57]} {[%emt 00:00:34]} Nf8
{[%clk 00:00:19]} {[%emt 00:00:18]} 32. Nxe5 {[%clk 00:02:15]} {[%emt
00:00:51]} Qe8 {[%clk 00:00:11]} {[%emt 00:00:18]} 33. Qd5 {[%clk 00:02:07]}
{[%emt 00:00:18]} 1-0

[Event "World Cup 2023 Open"]
[Site "Baku, Azerbaijan"]
[Date "2023.08.04"]
[Round "13.14"]
[White "Brkic Ante (CRO)"]
[Black "Howell David W L (ENG)"]
[Result "0-1"]
[WhiteFideId "14506688"]
[BlackFideId "410608"]
[WhiteElo "2608"]
[BlackElo "2677"]

1. e4 {[%clk 00:25:18]} {[%emt 00:28:31]} e5 {[%clk 00:25:15]} {[%emt
00:00:05]} 2. Nf3 {[%clk 00:25:27]} {[%emt 00:00:02]} Nc6 {[%clk 00:25:23]}
{[%emt 00:00:03]} 3. Bc4 {[%clk 00:25:35]} {[%emt 00:00:02]} Bc5 {[%clk
00:25:16]} {[%emt 00:00:17]} 4. d3 {[%clk 00:25:43]} {[%emt 00:00:02]} Nf6
{[%clk 00:25:19]} {[%emt 00:00:07]} 5. Bg5 {[%clk 00:25:50]} {[%emt 00:00:03]}
O-O {[%clk 00:21:49]} {[%emt 00:03:40]} 6. a4 {[%clk 00:24:58]} {[%emt
00:01:02]} a5 {[%clk 00:17:44]} {[%emt 00:04:15]} 7. O-O {[%clk 00:24:06]}
{[%emt 00:01:01]} h6 {[%clk 00:16:34]} {[%emt 00:01:21]} 8. Bh4 {[%clk
00:23:58]} {[%emt 00:00:18]} Be7 {[%clk 00:15:28]} {[%emt 00:01:17]} 9. Nbd2
{[%clk 00:23:29]} {[%emt 00:00:38]} d6 {[%clk 00:15:23]} {[%emt 00:00:15]} 10.
c3 {[%clk 00:23:09]} {[%emt 00:00:30]} Nh5 {[%clk 00:13:37]} {[%emt 00:01:56]}
11. Bg3 {[%clk 00:23:15]} {[%emt 00:00:04]} g6 {[%clk 00:12:43]} {[%emt
00:01:04]} 12. Re1 {[%clk 00:20:59]} {[%emt 00:02:26]} Bf6 {[%clk 00:11:27]}
{[%emt 00:01:27]} 13. Nf1 {[%clk 00:20:10]} {[%emt 00:00:58]} Bd7 {[%clk
00:11:35]} {[%emt 00:00:02]} 14. Ne3 {[%clk 00:19:40]} {[%emt 00:00:39]} Nxg3
{[%clk 00:10:37]} {[%emt 00:01:09]} 15. fxg3 {[%clk 00:17:49]} {[%emt
00:02:01]} Ne7 {[%clk 00:09:39]} {[%emt 00:01:07]} 16. Rf1 {[%clk 00:17:31]}
{[%emt 00:00:28]} c6 {[%clk 00:09:34]} {[%emt 00:00:15]} 17. Kh1 {[%clk
00:16:42]} {[%emt 00:00:59]} Qb6 {[%clk 00:08:13]} {[%emt 00:01:31]} 18. Qd2
{[%clk 00:16:32]} {[%emt 00:00:20]} Rad8 {[%clk 00:07:54]} {[%emt 00:00:28]} 19.
Qf2 {[%clk 00:11:37]} {[%emt 00:05:05]} Qc7 {[%clk 00:03:00]} {[%emt 00:05:05]}
20. h4 {[%clk 00:04:07]} {[%emt 00:07:39]} Bg7 {[%clk 00:02:14]} {[%emt
00:00:55]} 21. Nh2 {[%clk 00:03:48]} {[%emt 00:00:29]} Be8 {[%clk 00:01:25]}
{[%emt 00:01:00]} 22. Qf3 {[%clk 00:03:45]} {[%emt 00:00:13]} Qd7 {[%clk
00:00:41]} {[%emt 00:00:55]} 23. g4 {[%clk 00:01:36]} {[%emt 00:02:19]} d5
{[%clk 00:00:49]} {[%emt 00:00:02]} 24. Ba2 {[%clk 00:01:34]} {[%emt 00:00:12]}
Kh8 {[%clk 00:00:21]} {[%emt 00:00:38]} 25. h5 {[%clk 00:00:41]} {[%emt
00:01:03]} d4 {[%clk 00:00:15]} {[%emt 00:00:16]} 26. cxd4 {[%clk 00:00:38]}
{[%emt 00:00:12]} exd4 {[%clk 00:00:13]} {[%emt 00:00:12]} 27. Nc4 {[%clk
00:00:29]} {[%emt 00:00:18]} gxh5 {[%clk 00:00:14]} {[%emt 00:00:09]} 28. gxh5
{[%clk 00:00:26]} {[%emt 00:00:13]} f5 {[%clk 00:00:23]} {[%emt 00:00:02]} 29.
Nxa5 {[%clk 00:00:13]} {[%emt 00:00:23]} fxe4 {[%clk 00:00:21]} {[%emt
00:00:12]} 30. Qxe4 {[%clk 00:00:21]} {[%emt 00:00:03]} Bxh5 {[%clk 00:00:27]}
{[%emt 00:00:04]} 31. Nc4 {[%clk 00:00:18]} {[%emt 00:00:12]} Bg6 {[%clk
00:00:27]} {[%emt 00:00:10]} 32. Qe2 {[%clk 00:00:19]} {[%emt 00:00:09]} Qc7
{[%clk 00:00:18]} {[%emt 00:00:19]} 33. Nf3 {[%clk 00:00:17]} {[%emt 00:00:12]}
Nf5 {[%clk 00:00:25]} {[%emt 00:00:04]} 34. Kg1 {[%clk 00:00:14]} {[%emt
00:00:13]} Ng3 {[%clk 00:00:29]} {[%emt 00:00:06]} 35. Qc2 {[%clk 00:00:13]}
{[%emt 00:00:11]} Nxf1 {[%clk 00:00:36]} {[%emt 00:00:03]} 36. Rxf1 {[%clk
00:00:22]} Rde8 {[%clk 00:00:41]} {[%emt 00:00:06]} 37. b4 {[%clk 00:00:17]}
{[%emt 00:00:15]} Qg3 {[%clk 00:00:41]} {[%emt 00:00:09]} 38. b5 {[%clk
00:00:14]} {[%emt 00:00:14]} cxb5 {[%clk 00:00:49]} {[%emt 00:00:02]} 39. axb5
{[%clk 00:00:23]} Re7 {[%clk 00:00:52]} {[%emt 00:00:07]} 40. Rf2 {[%clk
00:00:12]} {[%emt 00:00:21]} Rxf3 {[%clk 00:00:49]} {[%emt 00:00:13]} 0-1

[Event "World Cup 2023 Open"]
[Site "Baku, Azerbaijan"]
[Date "2023.08.04"]
[Round "13.15"]
[White "Pechac Jergus (SVK)"]
[Black "Fedoseev Vladimir (SLO)"]
[Result "0-1"]
[WhiteFideId "14926970"]
[BlackFideId "24130737"]
[WhiteElo "2608"]
[BlackElo "2676"]

1. e4 {[%clk 00:25:18]} e5 {[%clk 00:25:19]} 2. d4 {[%clk 00:25:26]} {[%emt
00:00:03]} exd4 {[%clk 00:25:27]} {[%emt 00:00:02]} 3. Nf3 {[%clk 00:25:35]}
{[%emt 00:00:01]} Bb4+ {[%clk 00:25:00]} {[%emt 00:00:36]} 4. Nbd2 {[%clk
00:24:16]} {[%emt 00:01:28]} d5 {[%clk 00:24:11]} {[%emt 00:00:59]} 5. Nxd4
{[%clk 00:24:11]} {[%emt 00:00:15]} dxe4 {[%clk 00:21:49]} {[%emt 00:02:33]} 6.
c3 {[%clk 00:24:08]} {[%emt 00:00:12]} Bc5 {[%clk 00:20:47]} {[%emt 00:01:12]}
7. Nxe4 {[%clk 00:23:59]} {[%emt 00:00:18]} Bxd4 {[%clk 00:20:40]} {[%emt
00:00:18]} 8. Qxd4 {[%clk 00:23:18]} {[%emt 00:00:51]} Qxd4 {[%clk 00:20:48]}
{[%emt 00:00:02]} 9. cxd4 {[%clk 00:23:27]} {[%emt 00:00:02]} Nc6 {[%clk
00:20:04]} {[%emt 00:00:54]} 10. Bf4 {[%clk 00:19:52]} {[%emt 00:03:44]} Bf5
{[%clk 00:18:56]} {[%emt 00:01:19]} 11. Bd3 {[%clk 00:18:42]} {[%emt 00:01:21]}
Bxe4 {[%clk 00:17:12]} {[%emt 00:01:54]} 12. Bxe4 {[%clk 00:18:50]} {[%emt
00:00:01]} O-O-O {[%clk 00:17:20]} {[%emt 00:00:03]} 13. d5 {[%clk 00:16:21]}
{[%emt 00:02:40]} Re8 {[%clk 00:17:03]} {[%emt 00:00:27]} 14. f3 {[%clk
00:16:29]} {[%emt 00:00:01]} Nf6 {[%clk 00:16:19]} {[%emt 00:00:53]} 15. dxc6
{[%clk 00:15:58]} {[%emt 00:00:42]} Nxe4 {[%clk 00:16:28]} {[%emt 00:00:02]} 16.
O-O-O {[%clk 00:15:35]} {[%emt 00:00:32]} Nf2 {[%clk 00:15:54]} {[%emt
00:00:44]} 17. Rd7 {[%clk 00:14:27]} {[%emt 00:01:17]} bxc6 {[%clk 00:15:59]}
{[%emt 00:00:05]} 18. Rxc7+ {[%clk 00:14:15]} {[%emt 00:00:23]} Kd8 {[%clk
00:16:09]} 19. Rg1 {[%clk 00:11:33]} {[%emt 00:02:52]} Nd3+ {[%clk 00:16:14]}
{[%emt 00:00:05]} 20. Kb1 {[%clk 00:11:42]} Nxf4 {[%clk 00:16:20]} {[%emt
00:00:05]} 21. Rxf7 {[%clk 00:11:45]} {[%emt 00:00:07]} Nd5 {[%clk 00:15:31]}
{[%emt 00:00:59]} 22. Rxa7 {[%clk 00:11:44]} {[%emt 00:00:11]} Nc7 {[%clk
00:15:26]} {[%emt 00:00:14]} 23. Rb7 {[%clk 00:10:44]} {[%emt 00:01:11]} Kc8
{[%clk 00:15:20]} {[%emt 00:00:16]} 24. Rb6 {[%clk 00:10:53]} {[%emt 00:00:02]}
Re6 {[%clk 00:15:28]} {[%emt 00:00:01]} 25. Rc1 {[%clk 00:11:00]} {[%emt
00:00:02]} Kd7 {[%clk 00:15:37]} {[%emt 00:00:02]} 26. a3 {[%clk 00:09:52]}
{[%emt 00:01:19]} Rhe8 {[%clk 00:15:26]} {[%emt 00:00:21]} 27. Rc4 {[%clk
00:09:47]} {[%emt 00:00:14]} Rg6 {[%clk 00:15:21]} {[%emt 00:00:14]} 28. Rd4+
{[%clk 00:09:52]} {[%emt 00:00:06]} Kc8 {[%clk 00:15:15]} {[%emt 00:00:16]} 29.
Rc4 {[%clk 00:09:46]} {[%emt 00:00:15]} Ree6 {[%clk 00:15:01]} {[%emt
00:00:24]} 30. g3 {[%clk 00:09:48]} {[%emt 00:00:08]} Rgf6 {[%clk 00:14:37]}
{[%emt 00:00:34]} 31. f4 {[%clk 00:09:49]} {[%emt 00:00:09]} Nd5 {[%clk
00:13:44]} {[%emt 00:01:03]} 32. Ra6 {[%clk 00:09:25]} {[%emt 00:00:34]} Kb7
{[%clk 00:13:12]} {[%emt 00:00:42]} 33. Rca4 {[%clk 00:09:34]} {[%emt
00:00:01]} Nc7 {[%clk 00:13:08]} {[%emt 00:00:14]} 34. R6a5 {[%clk 00:09:30]}
{[%emt 00:00:14]} Re2 {[%clk 00:12:30]} {[%emt 00:00:47]} 35. Rg5 {[%clk
00:08:33]} {[%emt 00:01:07]} g6 {[%clk 00:12:06]} {[%emt 00:00:36]} 36. Rb4+
{[%clk 00:08:14]} {[%emt 00:00:30]} Kc8 {[%clk 00:12:13]} {[%emt 00:00:03]} 37.
h4 {[%clk 00:08:22]} {[%emt 00:00:01]} Rf5 {[%clk 00:11:21]} {[%emt 00:01:02]}
38. g4 {[%clk 00:06:18]} {[%emt 00:02:14]} Rxg5 {[%clk 00:11:29]} {[%emt
00:00:03]} 39. hxg5 {[%clk 00:06:26]} {[%emt 00:00:02]} Ne6 {[%clk 00:11:01]}
{[%emt 00:00:38]} 40. a4 {[%clk 00:05:26]} {[%emt 00:01:11]} Rf2 {[%clk
00:11:04]} {[%emt 00:00:06]} 41. Re4 {[%clk 00:05:34]} Kd7 {[%clk 00:11:03]}
{[%emt 00:00:13]} 42. f5 {[%clk 00:05:37]} {[%emt 00:00:07]} Nxg5 {[%clk
00:10:38]} {[%emt 00:00:35]} 43. Rb4 {[%clk 00:05:22]} {[%emt 00:00:25]} gxf5
{[%clk 00:10:16]} {[%emt 00:00:33]} 44. a5 {[%clk 00:05:31]} {[%emt 00:00:01]}
fxg4 {[%clk 00:08:05]} {[%emt 00:02:21]} 45. a6 {[%clk 00:05:38]} {[%emt
00:00:03]} Rf8 {[%clk 00:07:44]} {[%emt 00:00:30]} 46. a7 {[%clk 00:05:35]}
{[%emt 00:00:14]} Ra8 {[%clk 00:06:55]} {[%emt 00:00:58]} 47. Rxg4 {[%clk
00:05:42]} {[%emt 00:00:03]} h6 {[%clk 00:06:48]} {[%emt 00:00:18]} 48. Ra4
{[%clk 00:05:40]} {[%emt 00:00:11]} Nf7 {[%clk 00:06:23]} {[%emt 00:00:35]} 49.
Kc2 {[%clk 00:05:46]} {[%emt 00:00:04]} Kc8 {[%clk 00:06:16]} {[%emt 00:00:18]}
50. Rc4 {[%clk 00:05:30]} {[%emt 00:00:25]} Rxa7 {[%clk 00:05:44]} {[%emt
00:00:42]} 51. Rxc6+ {[%clk 00:05:38]} {[%emt 00:00:02]} Rc7 {[%clk 00:05:53]}
0-1

[Event "World Cup 2023 Open"]
[Site "Baku, Azerbaijan"]
[Date "2023.08.04"]
[Round "13.16"]
[White "Volokitin Andrei (UKR)"]
[Black "Vocaturo Daniele (ITA)"]
[Result "0-1"]
[WhiteFideId "14107090"]
[BlackFideId "813192"]
[WhiteElo "2674"]
[BlackElo "2609"]

1. e4 {[%clk 00:25:18]} {[%emt 00:00:02]} e5 {[%clk 00:24:58]} {[%emt
00:00:22]} 2. Nf3 {[%clk 00:25:26]} {[%emt 00:00:02]} Nc6 {[%clk 00:24:56]}
{[%emt 00:00:12]} 3. Bb5 {[%clk 00:25:30]} {[%emt 00:00:06]} a6 {[%clk
00:24:31]} {[%emt 00:00:35]} 4. Ba4 {[%clk 00:25:38]} {[%emt 00:00:02]} Nf6
{[%clk 00:24:29]} {[%emt 00:00:11]} 5. O-O {[%clk 00:25:44]} {[%emt 00:00:04]}
Bc5 {[%clk 00:23:47]} {[%emt 00:00:52]} 6. c3 {[%clk 00:25:37]} {[%emt
00:00:17]} b5 {[%clk 00:23:49]} {[%emt 00:00:08]} 7. Bb3 {[%clk 00:25:24]}
{[%emt 00:00:23]} d6 {[%clk 00:23:38]} {[%emt 00:00:21]} 8. a4 {[%clk
00:24:16]} {[%emt 00:01:18]} Bg4 {[%clk 00:22:55]} {[%emt 00:00:53]} 9. d3
{[%clk 00:23:11]} {[%emt 00:01:14]} b4 {[%clk 00:21:27]} {[%emt 00:01:38]} 10.
a5 {[%clk 00:20:07]} {[%emt 00:03:15]} O-O {[%clk 00:20:02]} {[%emt 00:01:35]}
11. h3 {[%clk 00:20:03]} {[%emt 00:00:13]} Bxf3 {[%clk 00:19:29]} {[%emt
00:00:43]} 12. Qxf3 {[%clk 00:20:11]} {[%emt 00:00:02]} Rb8 {[%clk 00:18:25]}
{[%emt 00:01:14]} 13. Nd2 {[%clk 00:20:13]} {[%emt 00:00:08]} bxc3 {[%clk
00:16:35]} {[%emt 00:01:59]} 14. bxc3 {[%clk 00:20:21]} {[%emt 00:00:03]} Na7
{[%clk 00:15:50]} {[%emt 00:00:55]} 15. Ra4 {[%clk 00:08:52]} {[%emt 00:11:39]}
Nb5 {[%clk 00:14:44]} {[%emt 00:01:16]} 16. Bb2 {[%clk 00:08:58]} {[%emt
00:00:04]} Ba7 {[%clk 00:14:40]} {[%emt 00:00:14]} 17. d4 {[%clk 00:08:47]}
{[%emt 00:00:22]} Nd7 {[%clk 00:14:37]} {[%emt 00:00:13]} 18. Rd1 {[%clk
00:08:03]} {[%emt 00:00:54]} c6 {[%clk 00:11:13]} {[%emt 00:03:35]} 19. Nc4
{[%clk 00:05:34]} {[%emt 00:02:39]} Qe7 {[%clk 00:08:45]} {[%emt 00:02:37]} 20.
Ba2 {[%clk 00:04:27]} {[%emt 00:01:18]} g6 {[%clk 00:07:16]} {[%emt 00:01:39]}
21. Ba1 {[%clk 00:03:18]} {[%emt 00:01:18]} Rbe8 {[%clk 00:07:04]} {[%emt
00:00:21]} 22. Bb1 {[%clk 00:02:29]} {[%emt 00:01:00]} f5 {[%clk 00:04:40]}
{[%emt 00:02:34]} 23. exf5 {[%clk 00:01:38]} {[%emt 00:01:01]} e4 {[%clk
00:04:48]} {[%emt 00:00:01]} 24. Qe2 {[%clk 00:01:25]} {[%emt 00:00:22]} gxf5
{[%clk 00:04:22]} {[%emt 00:00:37]} 25. Nb6 {[%clk 00:00:52]} {[%emt 00:00:43]}
d5 {[%clk 00:03:30]} {[%emt 00:01:02]} 26. c4 {[%clk 00:01:00]} {[%emt
00:00:03]} Bxb6 {[%clk 00:02:55]} {[%emt 00:00:45]} 27. axb6 {[%clk 00:01:02]}
{[%emt 00:00:08]} Nxb6 {[%clk 00:03:02]} {[%emt 00:00:02]} 28. Rxa6 {[%clk
00:00:58]} {[%emt 00:00:14]} Nxc4 {[%clk 00:03:00]} {[%emt 00:00:12]} 29. Rxc6
{[%clk 00:01:06]} {[%emt 00:00:02]} f4 {[%clk 00:01:16]} {[%emt 00:01:54]} 30.
Qg4+ {[%clk 00:00:40]} {[%emt 00:00:36]} Kh8 {[%clk 00:01:02]} {[%emt
00:00:24]} 31. Rxc4 {[%clk 00:00:38]} {[%emt 00:00:12]} dxc4 {[%clk 00:01:10]}
{[%emt 00:00:01]} 32. d5+ {[%clk 00:00:47]} {[%emt 00:00:01]} c3 {[%clk
00:01:19]} {[%emt 00:00:01]} 33. d6 {[%clk 00:00:46]} {[%emt 00:00:11]} Qg7
{[%clk 00:00:42]} {[%emt 00:00:47]} 34. d7 {[%clk 00:00:47]} {[%emt 00:00:10]}
Rd8 {[%clk 00:00:44]} {[%emt 00:00:07]} 35. Bxe4 {[%clk 00:00:49]} {[%emt
00:00:07]} Qxg4 {[%clk 00:00:37]} {[%emt 00:00:17]} 36. hxg4 {[%clk 00:00:57]}
{[%emt 00:00:02]} Rf6 {[%clk 00:00:33]} {[%emt 00:00:14]} 37. Bf3 {[%clk
00:00:17]} {[%emt 00:00:52]} Ra6 {[%clk 00:00:27]} {[%emt 00:00:15]} 38. Be2
{[%clk 00:00:22]} {[%emt 00:00:06]} Rxd7 {[%clk 00:00:28]} {[%emt 00:00:10]} 39.
Rc1 {[%clk 00:00:12]} {[%emt 00:00:19]} Rxa1 {[%clk 00:00:16]} {[%emt
00:00:21]} 40. Rxa1 {[%clk 00:00:21]} {[%emt 00:00:02]} Nd4 {[%clk 00:00:26]}
41. Kf1 {[%clk 00:00:16]} {[%emt 00:00:15]} Kg7 {[%clk 00:00:30]} {[%emt
00:00:06]} 42. Rc1 {[%clk 00:00:14]} {[%emt 00:00:12]} c2 {[%clk 00:00:32]}
{[%emt 00:00:08]} 43. Bc4 {[%clk 00:00:13]} {[%emt 00:00:11]} Rc7 {[%clk
00:00:28]} {[%emt 00:00:15]} 44. Bd3 {[%clk 00:00:19]} {[%emt 00:00:03]} h6
{[%clk 00:00:31]} {[%emt 00:00:07]} 45. f3 {[%clk 00:00:13]} {[%emt 00:00:16]}
Kf6 {[%clk 00:00:37]} {[%emt 00:00:04]} 46. Be4 {[%clk 00:00:16]} {[%emt
00:00:05]} Rc3 {[%clk 00:00:40]} {[%emt 00:00:08]} 47. Ke1 {[%clk 00:00:16]}
{[%emt 00:00:10]} Re3+ {[%clk 00:00:45]} {[%emt 00:00:06]} 48. Kf1 {[%clk
00:00:19]} {[%emt 00:00:07]} Re2 {[%clk 00:00:42]} {[%emt 00:00:13]} 49. Kg1
{[%clk 00:00:12]} {[%emt 00:00:17]} Rxe4 {[%clk 00:00:46]} {[%emt 00:00:05]}
0-1